[Event "DEM U12w 2022"]
[Site "Willingen GER"]
[Date "2022.06.11"]
[Round "9"]
[White "Türel, Tugce"]
[Black "Neininger, Sarah"]
[Result "0-1"]
[Termination "normal"]
[Board "9"]
[WhiteElo "1312"]
[BlackElo "1429"]
[WhiteClock "00:17:22"]
[BlackClock "00:37:07"]
[PlyCount "116"]
[WhiteFideId "26350602"]
[BlackFideId "16287410"]
[EventCountry "GER"]
[EventRounds "9"]
[EventType "swiss"]
[EventDate "2022.06.04"]

1. e4 {[%clk 01:30:59]} e5 {[%clk 01:30:46]} {[%emt 00:00:14]} 2. Nf3 {[%clk
01:31:18]} {[%emt 00:00:11]} Nc6 {[%clk 01:31:09]} {[%emt 00:00:08]} 3. Bc4
{[%clk 01:31:39]} {[%emt 00:00:08]} Bc5 {[%clk 01:31:32]} {[%emt 00:00:07]} 4.
c3 {[%clk 01:31:34]} {[%emt 00:00:35]} Nf6 {[%clk 01:31:36]} {[%emt 00:00:26]}
5. d4 {[%clk 01:31:48]} {[%emt 00:00:16]} exd4 {[%clk 01:31:57]} {[%emt
00:00:09]} 6. cxd4 {[%clk 01:32:06]} {[%emt 00:00:12]} Bb4+ {[%clk 01:32:18]}
{[%emt 00:00:09]} 7. Nc3 {[%clk 01:32:23]} {[%emt 00:00:14]} Nxe4 {[%clk
01:32:39]} {[%emt 00:00:08]} 8. O-O {[%clk 01:32:46]} {[%emt 00:00:08]} Bxc3
{[%clk 01:33:02]} {[%emt 00:00:07]} 9. d5 {[%clk 01:33:02]} {[%emt 00:00:13]}
Ne5 {[%clk 01:32:55]} {[%emt 00:00:36]} 10. bxc3 {[%clk 01:32:38]} {[%emt
00:00:56]} Nxc4 {[%clk 01:33:11]} {[%emt 00:00:13]} 11. Qd4 {[%clk 01:32:30]}
{[%emt 00:00:35]} f5 {[%clk 01:33:13]} {[%emt 00:00:31]} 12. Qxc4 {[%clk
01:26:54]} {[%emt 00:06:05]} d6 {[%clk 01:33:27]} {[%emt 00:00:17]} 13. Re1
{[%clk 01:25:43]} {[%emt 00:01:41]} O-O {[%clk 01:33:37]} {[%emt 00:00:20]} 14.
Nd4 {[%clk 01:25:33]} {[%emt 00:00:40]} Kh8 {[%clk 01:30:58]} {[%emt 00:03:08]}
15. f3 {[%clk 01:23:37]} {[%emt 00:02:28]} Nc5 {[%clk 01:30:44]} {[%emt
00:00:40]} 16. Ba3 {[%clk 01:21:36]} {[%emt 00:02:34]} b6 {[%clk 01:14:57]}
{[%emt 00:16:16]} 17. Bxc5 {[%clk 01:16:45]} {[%emt 00:05:22]} dxc5 {[%clk
01:15:04]} {[%emt 00:00:23]} 18. Ne6 {[%clk 01:16:06]} {[%emt 00:01:06]} Bxe6
{[%clk 01:15:17]} {[%emt 00:00:19]} 19. dxe6 {[%clk 01:16:23]} {[%emt
00:00:14]} Re8 {[%clk 01:14:13]} {[%emt 00:01:34]} 20. Rad1 {[%clk 01:08:20]}
{[%emt 00:08:33]} Qf6 {[%clk 01:11:21]} {[%emt 00:03:17]} 21. Rd7 {[%clk
01:03:41]} {[%emt 00:05:07]} Re7 {[%clk 00:38:57]} {[%emt 00:32:55]} 22. Qd5
{[%clk 00:53:40]} {[%emt 00:10:37]} Rae8 {[%clk 00:37:34]} {[%emt 00:01:48]}
23. Rxe7 {[%clk 00:38:42]} {[%emt 00:15:33]} Qxe7 {[%clk 00:37:55]} {[%emt
00:00:09]} 24. Qxf5 {[%clk 00:25:31]} {[%emt 00:13:40]} Qf6 {[%clk 00:36:40]}
{[%emt 00:01:26]} 25. Qxf6 {[%clk 00:24:43]} {[%emt 00:01:38]} gxf6 {[%clk
00:37:05]} {[%emt 00:00:06]} 26. f4 {[%clk 00:24:18]} {[%emt 00:00:55]} f5
{[%clk 00:35:53]} {[%emt 00:01:40]} 27. h3 {[%clk 00:23:55]} {[%emt 00:00:54]}
Kg7 {[%clk 00:35:23]} {[%emt 00:01:00]} 28. g4 {[%clk 00:23:27]} {[%emt
00:00:58]} Kf6 {[%clk 00:35:32]} {[%emt 00:00:20]} 29. Re5 {[%clk 00:20:05]}
{[%emt 00:03:51]} fxg4 {[%clk 00:33:09]} {[%emt 00:02:54]} 30. hxg4 {[%clk
00:20:10]} {[%emt 00:00:25]} Rxe6 {[%clk 00:32:17]} {[%emt 00:01:23]} 31. Rf5+
{[%clk 00:16:44]} {[%emt 00:03:42]} Kg6 {[%clk 00:30:31]} {[%emt 00:02:19]} 32.
Re5 {[%clk 00:13:08]} {[%emt 00:04:04]} Rxe5 {[%clk 00:30:39]} {[%emt
00:00:35]} 33. fxe5 {[%clk 00:13:29]} {[%emt 00:00:09]} Kf7 {[%clk 00:31:03]}
{[%emt 00:00:06]} 34. Kf2 {[%clk 00:13:38]} {[%emt 00:00:21]} Ke6 {[%clk
00:31:26]} {[%emt 00:00:07]} 35. Kg3 {[%clk 00:13:00]} {[%emt 00:01:08]} Kxe5
{[%clk 00:31:49]} {[%emt 00:00:08]} 36. Kh4 {[%clk 00:13:23]} {[%emt 00:00:07]}
Kf4 {[%clk 00:32:01]} {[%emt 00:00:15]} 37. g5 {[%clk 00:13:04]} {[%emt
00:00:51]} b5 {[%clk 00:32:09]} {[%emt 00:00:22]} 38. Kh5 {[%clk 00:13:20]}
{[%emt 00:00:13]} Kf5 {[%clk 00:32:34]} {[%emt 00:00:05]} 39. Kh6 {[%clk
00:13:41]} {[%emt 00:00:10]} b4 {[%clk 00:32:48]} {[%emt 00:00:16]} 40. c4
{[%clk 00:13:55]} {[%emt 00:00:16]} a5 {[%clk 00:33:10]} {[%emt 00:00:07]} 41.
Kxh7 {[%clk 00:13:02]} {[%emt 00:01:23]} Kxg5 {[%clk 00:33:34]} {[%emt
00:00:06]} 42. Kg7 {[%clk 00:13:20]} {[%emt 00:00:13]} a4 {[%clk 00:33:59]}
{[%emt 00:00:05]} 43. Kf7 {[%clk 00:13:44]} {[%emt 00:00:06]} b3 {[%clk
00:34:22]} {[%emt 00:00:07]} 44. axb3 {[%clk 00:14:03]} {[%emt 00:00:10]} axb3
{[%clk 00:34:47]} {[%emt 00:00:06]} 45. Ke6 {[%clk 00:13:59]} {[%emt 00:00:34]}
b2 {[%clk 00:35:11]} {[%emt 00:00:06]} 46. Kd7 {[%clk 00:13:56]} {[%emt
00:00:33]} b1=Q {[%emt 00:00:09]} 47. Kxc7 {[%emt 00:00:24]} Kf5 {[%clk
00:34:40]} {[%emt 00:00:25]} 48. Kd6 {[%clk 00:14:17]} {[%emt 00:00:11]} Qb6+
{[%clk 00:34:53]} {[%emt 00:00:16]} 49. Kd5 {[%clk 00:14:30]} {[%emt 00:00:17]}
Qb4 {[%clk 00:35:00]} {[%emt 00:00:24]} 50. Kd6 {[%clk 00:14:50]} {[%emt
00:00:11]} Qxc4 {[%clk 00:35:18]} {[%emt 00:00:12]} 51. Kc6 {[%clk 00:14:48]}
{[%emt 00:00:32]} Qb4 {[%clk 00:35:24]} {[%emt 00:00:18]} 52. Kd6 {[%clk
00:15:14]} {[%emt 00:00:10]} c4+ {[%clk 00:35:44]} {[%emt 00:00:09]} 53. Kd5
{[%clk 00:15:38]} {[%emt 00:00:07]} c3 {[%clk 00:35:58]} {[%emt 00:00:16]} 54.
Kc6 {[%clk 00:15:53]} {[%emt 00:00:15]} c2 {[%clk 00:36:18]} {[%emt 00:00:10]}
55. Kd5 {[%clk 00:16:21]} {[%emt 00:00:02]} Qd2+ {[%clk 00:36:34]} {[%emt
00:00:14]} 56. Kc4 {[%clk 00:16:39]} {[%emt 00:00:12]} c1=Q+ {[%clk 00:36:57]}
{[%emt 00:00:08]} 57. Kb5 {[%clk 00:17:05]} {[%emt 00:00:03]} Qdb2+ {[%clk
00:37:17]} {[%emt 00:00:10]} 58. Ka4 {[%clk 00:17:22]} {[%emt 00:00:13]} Qca1#
{[%clk 00:37:07]} {[%emt 00:00:09]} 0-1

[Event "DEM U12w 2022"]
[Site "Willingen GER"]
[Date "2022.06.11"]
[Round "9"]
[White "Vasylenko, Nadeja"]
[Black "Wagner, Cosima"]
[Result "1-0"]
[Termination "normal"]
[Board "10"]
[WhiteElo "1305"]
[BlackElo "1362"]
[WhiteClock "00:18:44"]
[BlackClock "00:15:41"]
[PlyCount "110"]
[WhiteFideId "34161457"]
[BlackFideId "34603484"]
[EventCountry "GER"]
[EventRounds "9"]
[EventType "swiss"]
[EventDate "2022.06.04"]

1. e4 {[%clk 01:30:58]} c5 {[%clk 01:30:55]} {[%emt 00:00:05]} 2. d4 {[%clk
01:31:24]} {[%emt 00:00:04]} cxd4 {[%clk 01:31:21]} {[%emt 00:00:04]} 3. c3
{[%clk 01:31:50]} {[%emt 00:00:04]} dxc3 {[%clk 01:31:46]} {[%emt 00:00:05]} 4.
Nxc3 {[%clk 01:32:16]} {[%emt 00:00:04]} Nc6 {[%clk 01:32:07]} {[%emt
00:00:08]} 5. Nf3 {[%clk 01:32:32]} {[%emt 00:00:15]} d6 {[%clk 01:32:26]}
{[%emt 00:00:11]} 6. Be3 {[%clk 01:32:54]} {[%emt 00:00:07]} a6 {[%clk
01:31:37]} {[%emt 00:01:20]} 7. Bd3 {[%clk 01:33:15]} {[%emt 00:00:09]} Nf6
{[%clk 01:31:14]} {[%emt 00:00:53]} 8. O-O {[%clk 01:33:36]} {[%emt 00:00:08]}
Bg4 {[%clk 01:27:51]} {[%emt 00:03:54]} 9. h3 {[%clk 01:33:57]} {[%emt
00:00:09]} Bh5 {[%clk 01:22:58]} {[%emt 00:05:23]} 10. Qb3 {[%clk 01:28:28]}
{[%emt 00:06:00]} Bxf3 {[%clk 01:17:11]} {[%emt 00:06:16]} 11. gxf3 {[%clk
01:28:48]} {[%emt 00:00:10]} Rb8 {[%clk 01:12:16]} {[%emt 00:05:25]} 12. f4
{[%clk 01:25:41]} {[%emt 00:03:37]} e6 {[%clk 01:09:02]} {[%emt 00:03:43]} 13.
Bb6 {[%clk 01:25:11]} {[%emt 00:01:00]} Qe7 {[%clk 01:07:19]} {[%emt 00:02:13]}
14. Nd5 {[%clk 01:14:09]} {[%emt 00:11:32]} exd5 {[%clk 01:05:15]} {[%emt
00:02:34]} 15. exd5 {[%clk 01:14:23]} {[%emt 00:00:16]} Qd7 {[%clk 01:03:51]}
{[%emt 00:01:55]} 16. dxc6 {[%clk 01:11:17]} {[%emt 00:03:36]} bxc6 {[%clk
01:02:05]} {[%emt 00:02:16]} 17. Bc4 {[%clk 01:08:51]} {[%emt 00:02:56]} d5
{[%clk 00:56:10]} {[%emt 00:06:16]} 18. Bxa6 {[%clk 01:07:18]} {[%emt
00:02:12]} Bc5 {[%clk 00:53:23]} {[%emt 00:03:17]} 19. Qc3 {[%clk 01:00:27]}
{[%emt 00:07:21]} Rxb6 {[%clk 00:47:49]} {[%emt 00:06:04]} 20. Qxc5 {[%clk
01:00:50]} {[%emt 00:00:06]} Rxa6 {[%clk 00:47:38]} {[%emt 00:00:41]} 21. Rfe1+
{[%clk 01:01:09]} {[%emt 00:00:12]} Kd8 {[%clk 00:45:21]} {[%emt 00:02:47]} 22.
Qb4 {[%clk 00:58:56]} {[%emt 00:02:41]} Ra7 {[%clk 00:37:01]} {[%emt 00:08:52]}
23. Qb8+ {[%clk 00:56:58]} {[%emt 00:02:25]} Qc8 {[%clk 00:34:57]} {[%emt
00:02:37]} 24. Qxa7 {[%clk 00:56:08]} {[%emt 00:01:20]} Qxh3 {[%clk 00:28:21]}
{[%emt 00:07:06]} 25. Qb6+ {[%clk 00:53:17]} {[%emt 00:03:21]} Kd7 {[%clk
00:27:47]} {[%emt 00:01:04]} 26. Qb7+ {[%clk 00:50:58]} {[%emt 00:02:48]} Kd8
{[%clk 00:27:36]} {[%emt 00:00:42]} 27. Re3 {[%clk 00:47:31]} {[%emt 00:03:57]}
Qg4+ {[%clk 00:25:42]} {[%emt 00:02:24]} 28. Rg3 {[%clk 00:42:59]} {[%emt
00:05:02]} Qf5 {[%clk 00:24:16]} {[%emt 00:01:56]} 29. Qxc6 {[%clk 00:41:00]}
{[%emt 00:02:28]} Re8 {[%clk 00:20:28]} {[%emt 00:04:18]} 30. Qd6+ {[%clk
00:39:39]} {[%emt 00:01:49]} Nd7 {[%clk 00:19:37]} {[%emt 00:01:23]} 31. Rd1
{[%clk 00:31:53]} {[%emt 00:08:15]} Re6 {[%clk 00:17:02]} {[%emt 00:03:06]} 32.
Qxd5 {[%clk 00:26:00]} {[%emt 00:06:24]} Qxd5 {[%clk 00:16:46]} {[%emt
00:00:46]} 33. Rxd5 {[%clk 00:26:24]} {[%emt 00:00:05]} g6 {[%clk 00:15:28]}
{[%emt 00:01:48]} 34. Rgd3 {[%clk 00:26:44]} {[%emt 00:00:10]} Re7 {[%clk
00:15:51]} {[%emt 00:00:07]} 35. Kg2 {[%clk 00:26:24]} {[%emt 00:00:51]} Ke8
{[%clk 00:15:26]} {[%emt 00:00:54]} 36. Kg3 {[%clk 00:25:50]} {[%emt 00:01:04]}
h6 {[%clk 00:13:27]} {[%emt 00:02:29]} 37. a4 {[%clk 00:25:23]} {[%emt
00:00:58]} Kd8 {[%clk 00:13:35]} {[%emt 00:00:22]} 38. a5 {[%clk 00:25:43]}
{[%emt 00:00:10]} Kc8 {[%clk 00:13:49]} {[%emt 00:00:15]} 39. b4 {[%clk
00:24:03]} {[%emt 00:02:10]} Kc7 {[%clk 00:13:16]} {[%emt 00:01:04]} 40. b5
{[%clk 00:19:56]} {[%emt 00:04:37]} Nb8 {[%clk 00:13:01]} {[%emt 00:00:44]} 41.
Re3 {[%clk 00:16:23]} {[%emt 00:04:03]} Rxe3+ {[%clk 00:13:04]} {[%emt
00:00:27]} 42. fxe3 {[%clk 00:16:49]} {[%emt 00:00:04]} Kb7 {[%clk 00:13:24]}
{[%emt 00:00:10]} 43. e4 {[%clk 00:16:56]} {[%emt 00:00:24]} Ka7 {[%clk
00:13:26]} {[%emt 00:00:28]} 44. f5 {[%clk 00:17:13]} {[%emt 00:00:13]} g5
{[%clk 00:13:08]} {[%emt 00:00:47]} 45. Kg4 {[%clk 00:17:38]} {[%emt 00:00:05]}
Kb7 {[%clk 00:13:29]} {[%emt 00:00:09]} 46. e5 {[%clk 00:16:24]} {[%emt
00:01:44]} Kc7 {[%clk 00:13:50]} {[%emt 00:00:10]} 47. e6 {[%clk 00:16:43]}
{[%emt 00:00:12]} fxe6 {[%clk 00:14:13]} {[%emt 00:00:06]} 48. fxe6 {[%clk
00:17:08]} {[%emt 00:00:04]} h5+ {[%clk 00:14:22]} {[%emt 00:00:21]} 49. Kxh5
{[%clk 00:17:34]} {[%emt 00:00:04]} g4 {[%clk 00:14:48]} {[%emt 00:00:04]} 50.
Kxg4 {[%clk 00:17:57]} {[%emt 00:00:06]} Kb7 {[%clk 00:14:18]} {[%emt
00:01:02]} 51. e7 {[%clk 00:18:18]} {[%emt 00:00:09]} Nc6 {[%clk 00:14:39]}
{[%emt 00:00:08]} 52. Rd7+ {[%clk 00:18:21]} {[%emt 00:00:28]} Ka8 {[%clk
00:14:47]} {[%emt 00:00:22]} 53. e8=Q+ {[%emt 00:00:15]} Nb8 {[%clk 00:15:06]}
{[%emt 00:00:09]} 54. Qe4+ {[%clk 00:18:20]} {[%emt 00:00:47]} Nc6 {[%clk
00:15:18]} {[%emt 00:00:18]} 55. Qxc6+ {[%clk 00:18:44]} {[%emt 00:00:06]} Kb8
{[%clk 00:15:41]} {[%emt 00:00:07]} 1-0

[Event "DEM U12w 2022"]
[Site "Willingen GER"]
[Date "2022.06.11"]
[Round "9"]
[White "Hoffmann, Svenja"]
[Black "Bakó, Isabella"]
[Result "0-1"]
[Termination "normal"]
[Board "11"]
[WhiteElo "1284"]
[BlackElo "1247"]
[WhiteClock "01:19:29"]
[BlackClock "01:02:03"]
[PlyCount "148"]
[WhiteFideId "16287312"]
[BlackFideId "16287266"]
[EventCountry "GER"]
[EventRounds "9"]
[EventType "swiss"]
[EventDate "2022.06.04"]

1. e4 {[%clk 01:30:58]} {[%emt 00:00:01]} c5 {[%clk 01:30:51]} {[%emt
00:00:09]} 2. Nf3 {[%clk 01:31:07]} {[%emt 00:00:20]} d6 {[%clk 01:31:02]}
{[%emt 00:00:19]} 3. d4 {[%clk 01:31:19]} {[%emt 00:00:18]} cxd4 {[%clk
01:31:22]} {[%emt 00:00:11]} 4. Nxd4 {[%clk 01:31:39]} {[%emt 00:00:10]} Nf6
{[%clk 01:31:35]} {[%emt 00:00:17]} 5. Nc3 {[%clk 01:31:40]} {[%emt 00:00:29]}
g6 {[%clk 01:31:53]} {[%emt 00:00:12]} 6. Be3 {[%clk 01:31:04]} {[%emt
00:01:07]} Bg7 {[%clk 01:32:07]} {[%emt 00:00:14]} 7. f3 {[%clk 01:30:57]}
{[%emt 00:00:38]} O-O {[%clk 01:32:20]} {[%emt 00:00:17]} 8. Bc4 {[%clk
01:31:00]} {[%emt 00:00:27]} Nc6 {[%clk 01:32:12]} {[%emt 00:00:38]} 9. Qd2
{[%clk 01:31:02]} {[%emt 00:00:27]} Bd7 {[%clk 01:32:17]} {[%emt 00:00:26]} 10.
O-O-O {[%clk 01:30:56]} {[%emt 00:00:36]} Rc8 {[%clk 01:32:21]} {[%emt
00:00:26]} 11. Bb3 {[%clk 01:30:52]} {[%emt 00:00:34]} Ne5 {[%clk 01:32:02]}
{[%emt 00:00:49]} 12. h4 {[%clk 01:30:31]} {[%emt 00:00:50]} h5 {[%clk
01:32:00]} {[%emt 00:00:33]} 13. Bh6 {[%clk 01:25:28]} {[%emt 00:05:33]} Nc4
{[%clk 01:31:52]} {[%emt 00:00:39]} 14. Bxc4 {[%clk 01:25:39]} {[%emt
00:00:18]} Rxc4 {[%clk 01:32:14]} {[%emt 00:00:08]} 15. Bxg7 {[%clk 01:25:38]}
{[%emt 00:00:31]} Kxg7 {[%clk 01:32:35]} {[%emt 00:00:09]} 16. g4 {[%clk
01:23:20]} {[%emt 00:02:47]} Qa5 {[%clk 01:27:11]} {[%emt 00:05:54]} 17. Nb3
{[%clk 01:22:22]} {[%emt 00:01:29]} Qc7 {[%clk 01:27:04]} {[%emt 00:00:37]} 18.
Rdg1 {[%clk 01:21:45]} {[%emt 00:01:05]} b5 {[%clk 01:25:02]} {[%emt 00:02:34]}
19. gxh5 {[%clk 01:21:57]} {[%emt 00:00:18]} Nxh5 {[%clk 01:25:19]} {[%emt
00:00:12]} 20. Qg5 {[%clk 01:22:12]} {[%emt 00:00:16]} b4 {[%clk 01:23:08]}
{[%emt 00:02:42]} 21. Qxh5 {[%clk 01:21:33]} {[%emt 00:01:08]} bxc3 {[%clk
01:22:54]} {[%emt 00:00:44]} 22. Rg2 {[%clk 01:20:16]} {[%emt 00:01:48]} cxb2+
{[%clk 01:21:16]} {[%emt 00:02:07]} 23. Kxb2 {[%clk 01:20:37]} {[%emt
00:00:09]} Rc8 {[%clk 01:18:09]} {[%emt 00:03:38]} 24. Qg5 {[%clk 01:17:56]}
{[%emt 00:03:10]} Rxc2+ {[%clk 01:17:16]} {[%emt 00:01:22]} 25. Rxc2 {[%clk
01:18:07]} {[%emt 00:00:19]} Qxc2+ {[%clk 01:17:35]} {[%emt 00:00:11]} 26. Ka3
{[%clk 01:18:28]} {[%emt 00:00:10]} Rc4 {[%clk 01:10:28]} {[%emt 00:07:35]} 27.
Qa5 {[%clk 01:13:52]} {[%emt 00:05:07]} Ra4+ {[%clk 01:09:22]} {[%emt
00:01:36]} 28. Qxa4 {[%clk 01:14:17]} {[%emt 00:00:06]} Bxa4 {[%clk 01:09:46]}
{[%emt 00:00:06]} 29. Kxa4 {[%clk 01:14:44]} {[%emt 00:00:03]} Qxa2+ {[%clk
01:09:53]} {[%emt 00:00:22]} 30. Kb4 {[%clk 01:15:09]} {[%emt 00:00:05]} Qg2
{[%clk 01:09:08]} {[%emt 00:01:14]} 31. Rc1 {[%clk 01:15:10]} {[%emt 00:00:30]}
Qxf3 {[%clk 01:07:53]} {[%emt 00:01:46]} 32. Rc4 {[%clk 01:13:49]} {[%emt
00:01:51]} Qf4 {[%clk 01:07:35]} {[%emt 00:00:45]} 33. Nd4 {[%clk 01:13:01]}
{[%emt 00:01:20]} Qxe4 {[%clk 01:05:21]} {[%emt 00:02:44]} 34. Nc6 {[%clk
01:13:09]} {[%emt 00:00:22]} Qb1+ {[%clk 01:03:51]} {[%emt 00:02:00]} 35. Ka5
{[%clk 01:13:32]} {[%emt 00:00:08]} Qb6+ {[%clk 01:04:11]} {[%emt 00:00:09]}
36. Ka4 {[%clk 01:13:55]} {[%emt 00:00:08]} Qb7 {[%clk 01:03:51]} {[%emt
00:00:46]} 37. Na5 {[%clk 01:14:08]} {[%emt 00:00:21]} Qd7+ {[%clk 01:03:52]}
{[%emt 00:00:26]} 38. Kb4 {[%clk 01:14:27]} {[%emt 00:00:14]} d5 {[%clk
01:03:36]} {[%emt 00:00:45]} 39. Rd4 {[%clk 01:14:06]} {[%emt 00:00:52]} e5
{[%clk 01:03:44]} {[%emt 00:00:21]} 40. Rd2 {[%clk 01:14:09]} {[%emt 00:00:26]}
d4 {[%clk 01:03:25]} {[%emt 00:00:51]} 41. Nc4 {[%clk 01:14:23]} {[%emt
00:00:16]} e4 {[%clk 01:03:24]} {[%emt 00:00:31]} 42. Kc5 {[%clk 01:14:23]}
{[%emt 00:00:30]} d3 {[%clk 01:03:00]} {[%emt 00:00:54]} 43. Nd6 {[%clk
01:14:31]} {[%emt 00:00:22]} f5 {[%clk 01:03:00]} {[%emt 00:00:30]} 44. Nc4
{[%clk 01:13:31]} {[%emt 00:01:30]} Qc7+ {[%clk 01:01:53]} {[%emt 00:01:34]}
45. Kd5 {[%clk 01:13:46]} {[%emt 00:00:18]} a5 {[%clk 01:01:27]} {[%emt
00:00:56]} 46. Ne5 {[%clk 01:11:29]} {[%emt 00:02:47]} a4 {[%clk 01:01:00]}
{[%emt 00:00:57]} 47. Rg2 {[%clk 01:11:48]} {[%emt 00:00:11]} Qb7+ {[%clk
00:59:39]} {[%emt 00:01:50]} 48. Ke6 {[%clk 01:12:05]} {[%emt 00:00:14]} Qa6+
{[%clk 00:59:49]} {[%emt 00:00:20]} 49. Kd5 {[%clk 01:12:03]} {[%emt 00:00:31]}
Qf6 {[%clk 00:57:37]} {[%emt 00:02:39]} 50. h5 {[%clk 01:12:19]} {[%emt
00:00:18]} d2 {[%clk 00:57:32]} {[%emt 00:00:34]} 51. Rxg6+ {[%clk 01:11:06]}
{[%emt 00:01:44]} Qxg6 {[%clk 00:57:55]} {[%emt 00:00:06]} 52. hxg6 {[%clk
01:11:27]} {[%emt 00:00:09]} d1=Q+ {[%clk 00:58:16]} {[%emt 00:00:09]} 53. Ke6
{[%clk 01:11:53]} {[%emt 00:00:05]} a3 {[%clk 00:57:18]} {[%emt 00:01:29]} 54.
Kxf5 {[%clk 01:12:00]} {[%emt 00:00:22]} Qd5 {[%clk 00:57:16]} {[%emt
00:00:31]} 55. Kf4 {[%clk 01:12:17]} {[%emt 00:00:14]} Qxe5+ {[%clk 00:57:34]}
{[%emt 00:00:12]} 56. Kxe5 {[%clk 01:12:39]} {[%emt 00:00:08]} a2 {[%clk
00:57:59]} {[%emt 00:00:06]} 57. Kxe4 {[%clk 01:12:58]} {[%emt 00:00:10]} a1=Q
{[%clk 00:58:16]} {[%emt 00:00:09]} 58. Kf5 {[%clk 01:13:25]} {[%emt 00:00:07]}
Qa5+ {[%clk 00:58:26]} {[%emt 00:00:20]} 59. Ke4 {[%clk 01:13:33]} {[%emt
00:00:22]} Qg5 {[%clk 00:58:45]} {[%emt 00:00:11]} 60. Kd4 {[%clk 01:13:51]}
{[%emt 00:00:12]} Qxg6 {[%clk 00:58:38]} {[%emt 00:00:37]} 61. Ke5 {[%clk
01:14:10]} {[%emt 00:00:12]} Qg4 {[%clk 00:58:03]} {[%emt 00:01:04]} 62. Kd5
{[%emt 00:00:10]} Qf4 {[%clk 00:58:21]} {[%emt 00:00:09]} 63. Ke6 {[%clk
01:14:55]} {[%emt 00:00:08]} Qg5 {[%clk 00:58:15]} {[%emt 00:00:35]} 64. Kd6
{[%clk 01:15:19]} {[%emt 00:00:07]} Qf5 {[%clk 00:58:40]} {[%emt 00:00:04]} 65.
Kc6 {[%clk 01:15:44]} {[%emt 00:00:06]} Qe5 {[%clk 00:59:06]} {[%emt 00:00:04]}
66. Kd7 {[%clk 01:16:08]} {[%emt 00:00:06]} Qf6 {[%clk 00:59:25]} {[%emt
00:00:10]} 67. Ke8 {[%clk 01:16:30]} {[%emt 00:00:09]} Qf7+ {[%clk 00:59:25]}
{[%emt 00:00:23]} 68. Kd8 {[%clk 01:16:56]} {[%emt 00:00:11]} Kf6 {[%clk
00:59:42]} {[%emt 00:00:13]} 69. Kc8 {[%clk 01:17:20]} {[%emt 00:00:06]} Qe7
{[%clk 01:00:07]} {[%emt 00:00:05]} 70. Kb8 {[%clk 01:17:45]} {[%emt 00:00:06]}
Qd7 {[%clk 01:00:33]} {[%emt 00:00:03]} 71. Ka8 {[%clk 01:18:10]} {[%emt
00:00:05]} Ke6 {[%clk 01:00:51]} {[%emt 00:00:11]} 72. Kb8 {[%clk 01:18:36]}
{[%emt 00:00:05]} Kd6 {[%clk 01:01:15]} {[%emt 00:00:06]} 73. Ka8 {[%clk
01:19:02]} {[%emt 00:00:04]} Kc6 {[%clk 01:01:39]} {[%emt 00:00:06]} 74. Kb8
{[%clk 01:19:29]} {[%emt 00:00:04]} Qb7# {[%clk 01:02:03]} {[%emt 00:00:04]}
0-1

[Event "DEM U12w 2022"]
[Site "Willingen GER"]
[Date "2022.06.11"]
[Round "9"]
[White "Abram, Kristina-Maria"]
[Black "Will, Elina"]
[Result "1/2-1/2"]
[Termination "normal"]
[Board "12"]
[WhiteElo "1044"]
[BlackElo "1333"]
[WhiteClock "00:56:05"]
[BlackClock "00:28:13"]
[PlyCount "50"]
[WhiteFideId "16298349"]
[BlackFideId "34623434"]
[EventCountry "GER"]
[EventRounds "9"]
[EventType "swiss"]
[EventDate "2022.06.04"]

1. e4 {[%clk 01:30:57]} {[%emt 00:00:01]} d5 {[%clk 01:30:53]} {[%emt
00:00:07]} 2. exd5 {[%clk 01:31:20]} {[%emt 00:00:08]} Nf6 {[%clk 01:30:51]}
{[%emt 00:00:31]} 3. Bb5+ {[%clk 01:31:40]} {[%emt 00:00:11]} Bd7 {[%clk
01:31:08]} {[%emt 00:00:13]} 4. Be2 {[%clk 01:31:57]} {[%emt 00:00:10]} Nxd5
{[%clk 01:31:16]} {[%emt 00:00:25]} 5. d4 {[%clk 01:32:17]} {[%emt 00:00:10]}
g6 {[%clk 01:23:38]} {[%emt 00:08:08]} 6. Nf3 {[%clk 01:31:48]} {[%emt
00:00:58]} Bg7 {[%clk 01:23:38]} {[%emt 00:00:30]} 7. O-O {[%clk 01:31:02]}
{[%emt 00:01:16]} O-O {[%clk 01:23:59]} {[%emt 00:00:10]} 8. a3 {[%clk
01:31:03]} {[%emt 00:00:29]} Bf5 {[%clk 01:17:21]} {[%emt 00:07:08]} 9. c4
{[%clk 01:30:08]} {[%emt 00:01:25]} Nf6 {[%clk 01:14:21]} {[%emt 00:03:29]} 10.
Qb3 {[%clk 01:25:15]} {[%emt 00:05:16]} b6 {[%clk 01:11:47]} {[%emt 00:03:10]}
11. Rd1 {[%clk 01:23:27]} {[%emt 00:02:16]} e6 {[%clk 01:05:10]} {[%emt
00:07:10]} 12. c5 {[%clk 01:20:58]} {[%emt 00:03:00]} Be4 {[%clk 01:01:59]}
{[%emt 00:03:41]} 13. Nc3 {[%clk 01:17:54]} {[%emt 00:03:33]} Bb7 {[%clk
01:02:01]} {[%emt 00:00:28]} 14. Ne5 {[%clk 01:15:16]} {[%emt 00:03:08]} Nd5
{[%clk 01:01:06]} {[%emt 00:01:25]} 15. Bf3 {[%clk 01:12:54]} {[%emt 00:02:51]}
c6 {[%clk 00:51:47]} {[%emt 00:09:51]} 16. Nc4 {[%clk 01:09:38]} {[%emt
00:03:45]} b5 {[%clk 00:48:32]} {[%emt 00:03:45]} 17. Nd6 {[%clk 01:08:48]}
{[%emt 00:01:17]} Qc7 {[%clk 00:42:21]} {[%emt 00:06:45]} 18. Nxd5 {[%clk
01:07:59]} {[%emt 00:01:18]} exd5 {[%clk 00:42:30]} {[%emt 00:00:22]} 19. Bf4
{[%clk 01:07:52]} {[%emt 00:00:34]} Nd7 {[%clk 00:41:13]} {[%emt 00:01:49]} 20.
Bg3 {[%clk 01:06:53]} {[%emt 00:01:27]} Nf6 {[%clk 00:37:23]} {[%emt 00:04:22]}
21. Nxb5 {[%clk 01:05:49]} {[%emt 00:01:35]} Qd7 {[%clk 00:36:30]} {[%emt
00:01:22]} 22. Nd6 {[%clk 01:05:44]} {[%emt 00:00:33]} Ba6 {[%clk 00:35:59]}
{[%emt 00:01:02]} 23. Re1 {[%clk 01:02:04]} {[%emt 00:04:08]} Rab8 {[%clk
00:30:35]} {[%emt 00:05:57]} 24. Qc2 {[%clk 00:59:45]} {[%emt 00:02:39]} Rbd8
{[%clk 00:28:34]} {[%emt 00:02:42]} 25. Rad1 {[%clk 00:56:05]} {[%emt
00:04:07]} Ne8 {[%clk 00:28:13]} {[%emt 00:00:53]} 1/2-1/2